Normal view
MARC view
- Quirk Randolph
Entry Personal Name
001 - CONTROL NUMBER
- control field: 3954
003 - CONTROL NUMBER IDENTIFIER
- control field: OSt
005 - DATE AND TIME OF LATEST TRANSACTION
- control field: 20170830162626.0
008 - FIXED-LENGTH DATA ELEMENTS
- fixed length control field: 170830|| aca||aabn | a|a d
040 ## - CATALOGING SOURCE
- Original cataloging agency: OSt
- Transcribing agency: OSt
100 ## - HEADING--PERSONAL NAME
- Personal name: Quirk Randolph
670 ## - SOURCE DATA FOUND
- Source citation: Work cat.: (OSt): Quirk Randolph, A university grammer of english, 1981